000 01433cam a2200265 4500
001 ABS66379
008 030131n2002 000 0 eng u
035 _a(Sirsi) u121196
100 _aGuild, A.
245 _aMaking a statement
260 _c2002
490 _aScottish Planner
_v(90) December 2002, 10(1)
520 _aDiscusses the importance of design in shaping rural communities in Scotland. Reports published in the 1990s found that poorly designed developments could damage the character of villages and evoke negative reactions from the community. In 1998 the Rural Design Group was set up by Rural Scotland to tackle this problem, and a pilot project in Tarland, Aberdeenshire, was launched using the Village Design Statements (VDS) model. The VDS for Tarland was prepared by an architect after consultation with local residents, and included business, tourism and community developments in addition to housing. Also looks at the proposed survey and VDS for the Angus village of Edzell, the results of which will be fed into the revised Angus Local Plan.
590 _aABS
650 _aLOCAL PLANNING
650 _aRURAL COMMUNITIES
650 _aABERDEENSHIRE
650 _aANGUS
650 _aSCOTLAND
650 _aVILLAGE DESIGN
650 _aVILLAGE DESIGN STATEMENTS
650 _aHOUSING DEVELOPMENTS
690 _aENVIRONMENTAL AND LAND CONSULTANCY-PLANNING AND DEVELOPMENT
942 _n0
999 _c72021
_d72021